• 首页
  • 本馆介绍
  • 公告通知
  • 最新文献
  • 馆藏检索
  • 电子资源
  • 读者导购
  • 参考咨询
  • 我的图书馆
  • 登录
  • 详细信息显示
  • 放入我的书架
  • 预约/预借图书
  • 作者相关作品
  • 分类相关作品
  • 丛书相关作品
  • 出版社相关作品

书目信息

  • 表格格式
  • 工作单格式
  • 卡片格式
书名: Place-name changes since 1900
作者:
分册号:
分册名:
出版地: London :
 
出版社: Routledge & Kegan Paul Ltd
出版时间: 1980.
页数: xxii, 202 p. ;
开本: 19 cm.
丛书名:
中图分类号:
科图分类号:
其他分类号: H316
主题词:
电子资源:
000 00646nam 2200229 a 4500
001 E0729850362
005 20070303081922.26
008 001 0 eng
008 uu
008 uu
020    @a0-7100-0702-7 :@cCNY0.90.
040    @aNLC
049    @aN5LA
090    @aH316
096    @aK91-61 @v2
099    @dH316@ex86
245 00 @aPlace-name changes since 1900
260    @aLondon :@bRoutledge & Kegan Paul Ltd.,@c1980.
300    @axxii, 202 p. ;@c19 cm.
700 1  @aRoom, Adrian, @ecomp. @b00 @c20020930 @lNLC09 @h2246 @lNLC09 @h2259 @lNLC09 @h1851
852 9  @bWWJC @cJ09 @k2G @hK91-61 @iPNC
852 9  @bGJSS @k2G @hK91-61 @iPNC
    
    Place-name changes since 1900.-London : : Routledge & Kegan Paul Ltd., , 1980.
    xxii, 202 p. ; ; 19 cm.
    
    
    ISBN 0-7100-0702-7 :CNY0.90.
    
●
相关链接 在E读中查询图书 在五车中查询图书 在当当中查询图书 在豆瓣中查询图书


正题名:Place-name changes since 1900     索取号:H316/x86         预约/预借

序号 登录号 条形码 馆藏地/架位号 状态 备注
1 96490   001434816   密集书库/ [索取号:H316/x86] 在馆    
2 96492   001434772   第二样本阅览室/ [索取号:H316/x86] 在馆    
唐山师范学院图书馆 欢迎您!
大连网信软件有限公司© 版权所有